| 000 | 01083cam a2200277 i 4500 | ||
|---|---|---|---|
| 001 | 1321401 | ||
| 005 | 19890505000000.0 | ||
| 008 | 780605s1978 pau b 001 0 eng | ||
| 010 | _a 78054564 | ||
| 020 |
_a0800615298 : _c$5.95 |
||
| 040 |
_aDLC _cDLC _dDLC |
||
| 041 | 1 | _aengger | |
| 050 | 0 | 0 |
_aBS680.B5 _bW47 1973 |
| 100 | 1 | _aWestermann, Claus. | |
| 240 | 1 | 0 |
_aSegen in der Bibel und im Handeln der Kirche. _lEnglish |
| 245 | 1 | 0 |
_aBlessing in the Bible and the life of the church / _cby Claus Westermann ; translated by Keith Crim. |
| 260 |
_aPhiladelphia : _bFortress Press, _cc1978. |
||
| 300 |
_axvi, 126 p. ; _c22 cm. |
||
| 440 | 0 |
_aOvertures to Biblical theology ; _v[3] |
|
| 500 | _aTranslation of Der Segen in der Bibel und im Handeln der Kirche. | ||
| 504 | _aIncludes bibliographical references and indexes. | ||
| 650 | 0 | _aBlessing and cursing in the Bible. | |
| 906 |
_a7 _bcbc _corignew _d1 _eocip _f19 _gy-gencatlg |
||
| 942 |
_2lcc _cBK |
||
| 999 |
_c36076 _d36076 |
||